| 000 | 00797nam a2200229 a 4500 | ||
|---|---|---|---|
| 003 | PILC | ||
| 005 | 20160220093523.0 | ||
| 008 | 121005s19uu xx 00 eng d | ||
| 020 | _a9781845411367 | ||
| 050 |
_aG 149.7 _b.H35 2010 |
||
| 100 | _aHallett, Richard W. | ||
| 245 |
_aOfficial tourism websites : _ba discourse analysis perspective / _cRichard W. Hallett and Judith Kaplan-Weinger. |
||
| 260 |
_aBristol, UK : _bChannel View, _c2010. |
||
| 300 |
_axvi, 129 pages : _billustrations ; _c22 cm. |
||
| 440 | _aTourism and cultural change ; 23 | ||
| 500 | _aIncludes bibliographical references and index. | ||
| 650 |
_aTourism _xComputer network resources |
||
| 650 | _aIdentity (Philosophical concept) | ||
| 700 | _aWeinger, Judith Kaplan. | ||
| 942 |
_cBK _2lcc _kFOR |
||
| 999 |
_c22336 _d22336 |
||